=LDR 00000nam 2200000 4500 =001 INLIS000000000042947 =005 20140322131246.0 =006 =007 =008 ind =035 ##$$a 0010-101300000000869 =041 ##$$a ind =082 ##$$a 610.724 =090 ##$$a 610.724, sud d =100 ##$$a sastroasmoro,sudigdo =245 ##$$a dasar - dasar metodologi penelitian klinis edisi ke 4 =260 ##$$a Jakarta $b Sagung seto $c 2011 =300 ##$$a 519 hlm, ilus, 25 cm =850 ##$$a NBPNMAT =990 ##$$a 91194/BPAP-NTB/2014 =990 ##$$a 21196910/BPAP-NTB/2014